NFL Top 100 Players (All-Time) - Statistics

General Stats
  • This quiz has been taken 94 times
  • The average score is 34 of 100
Answer Stats
# Pos. Player % Correct
1 QB Tom Brady
99%
2 WR Jerry Rice
95%
5 MLB Ray Lewis
88%
3 OLB Lawrence Taylor
82%
57 WR Antonio Brown
81%
6 HB Jim Brown
80%
14 QB Peyton Manning
80%
17 HB Barry Sanders
77%
44 HB Emmitt Smith
77%
8 QB Joe Montana
77%
26 DE Bruce Smith
72%
36 QB Patrick Mahomes
72%
43 WR Calvin Johnson
70%
16 WR Randy Moss
70%
51 QB Aaron Rodgers
68%
45 QB Drew Brees
65%
29 QB Dan Marino
64%
33 TE Rob Gronkowski
64%
82 C Jason Kelce
59%
96 WR Julio Jones
59%
4 DE Reggie White
59%
52 TE Travis Kelce
59%
66 DE Deacon Jones
58%
15 S Ed Reed
58%
41 TE Tony Gonzalez
58%
20 HB Walter Payton
58%
76 QB Brett Favre
55%
23 QB Steve Young
55%
38 DE JJ Watt
54%
48 OG Larry Allen
54%
73 HB Marcus Allen
53%
22 QB John Elway
51%
19 DT Aaron Donald
45%
58 HB Adrian Peterson
42%
7 OT Anthony Munoz
42%
87 CB Darrell Green
42%
63 LB Derrick Thomas
42%
49 OT Joe Thomas
42%
84 QB Johnny Unitas
42%
91 K Adam Vinatieri
39%
74 TE Antonio Gates
39%
100 KR Devin Hester
39%
68 WR Marvin Harrison
38%
42 S Troy Polamalu
38%
69 OT Trent Williams
36%
13 S Ronnie Lott
35%
81 WR Larry Fitzgerald
32%
21 CB Night Train Lane
31%
12 MLB Dick Butkus
30%
67 HB Marshall Faulk
30%
47 CB Charles Woodson
27%
27 CB Rod Woodson
26%
99 QB Roger Staubach
26%
94 WR Steve Largent
26%
9 OG Bruce Matthews
22%
35 MLB Mike Singletary
22%
90 TE Shannon Sharpe
22%
64 DT Warren Sapp
22%
65 MLB Bobby Wagner
20%
28 MLB Jack Lambert
20%
70 CB Champ Bailey
19%
72 MLB Jack Ham
19%
37 OT Jonathan Ogden
18%
97 HB Christian McCaffrey
16%
31 DT Alan Page
15%
25 LB Derrick Brooks
15%
24 C Jim Otto
15%
30 MLB Junior Seau
14%
56 QB Sammy Baugh
14%
40 DT Bob Lilly
12%
34 WR Don Hutson
12%
71 DT John Randle
12%
32 CB Mel Blount
12%
62 FB Bronko Nagurski
11%
98 P Ray Guy
11%
18 OG John Hannah
9%
86 MLB Ted Hendricks
9%
93 HB Tony Dorsett
9%
95 OT Art Shell
7%
75 OT Forrest Gregg
7%
89 FB Jim Thorpe
7%
80 OG Gene Upshaw
5%
39 DE Gino Marchetti
5%
85 S Ken Houston
4%
79 OT Ron Yary
4%
11 CB Deon Sanders
3%
55 HB LaDanian Tomlinson
3%
46 MLB Luke Keuchly
3%
54 S Brian Dawkins
1%
88 OG Larry Little
1%
83 CB Darrell Revis
0%
78 S Emlin Tunnell
0%
59 HB Erick Dickerson
0%
53 DE Jack Youngblood
0%
92 TE Kellon Winslow
0%
10 DT Mean Joe Greene
0%
61 DE Micheal Strahan
0%
50 C Mike Webser
0%
60 WR Terell Owens
0%
77 OT Water Jones
0%
No matching quizzes found
Score Distribution
Percent of People with Each Score
Percentile by Number Answered
Your Score History
You have not taken this quiz